Impacts of Brexit on Further Development of the English Language in the Context of Geopolitical Changes
Analýza pozície angličtiny ako materinského jazyka pre rodených hovorcov, ako aj lingua franca vo svete. Brexit a angličtina. Angličtina po Brexite - ďalší vývoj a modifikácie angličtiny. Globish a Eurish - definície a využitie.
Gespeichert in:
| 1. Verfasser: | |
|---|---|
| Format: | Buchkapitel |
| Sprache: | Englisch |
| Schlagworte: | |
| Tags: |
Keine Tags, Fügen Sie das erste Tag hinzu!
|
MARC
| LEADER | 00000naa$a2200000$$$4500 | ||
|---|---|---|---|
| 001 | 0248305 | ||
| 005 | 20240502073954.9 | ||
| 041 | 0 | |a eng | |
| 044 | |a SK | ||
| 245 | 1 | 0 | |a Impacts of Brexit on Further Development of the English Language in the Context of Geopolitical Changes |c Mária Bláhová |
| 520 | |a Analýza pozície angličtiny ako materinského jazyka pre rodených hovorcov, ako aj lingua franca vo svete. Brexit a angličtina. Angličtina po Brexite - ďalší vývoj a modifikácie angličtiny. Globish a Eurish - definície a využitie. | ||
| 610 | 2 | 0 | |a jazykoveda |
| 610 | 2 | 0 | |a jazyky cudzie |
| 610 | 2 | 0 | |a jazyk materinský |
| 610 | 2 | 0 | |a jazyk obchodný |
| 610 | 2 | 0 | |a angličtina |
| 610 | 2 | 0 | |a politika |
| 610 | 2 | 0 | |a geopolitika |
| 610 | 2 | 0 | |a referendum |
| 610 | 2 | 0 | |a politológia |
| 610 | 2 | 0 | |a komunikácia |
| 610 | 2 | 0 | |a globalizácia |
| 610 | 2 | 0 | |a Veľká Británia |
| 610 | 2 | 0 | |a Európska únia |
| 100 | 1 | |a Bláhová, Mária | |